Matematické modely poptávky

Gespeichert in:
Bibliographische Detailangaben
1. Verfasser: Bezouška, Jiří
Weitere Verfasser: Vytlačil, J., Walter, Jaromír
Format: Buch
Sprache:Tschechisch
Veröffentlicht: Praha Státní nakladatelství technické literatury 1967
Tags: Tag hinzufügen
Keine Tags, Fügen Sie das erste Tag hinzu!

MARC

LEADER 00000nam a2200000 4500
001 c130354
005 20041019155249.2
041 0 |a cze 
044 |a CZ 
245 1 0 |a Matematické modely poptávky  |c Jiří Bezouška, J. Vytlačil, Jaromír Walter 
264 1 |a Praha  |b Státní nakladatelství technické literatury  |c 1967 
300 |a 169 s. 
100 1 |a Bezouška, Jiří 
700 1 |a Vytlačil, J. 
700 1 |a Walter, Jaromír